000 00344nam a2200109Ia 4500
008 220217s9999||||xx |||||||||||||| ||und||
100 _aDeo, Narsingh
_9928
245 0 _aGraph theory with applications to engineering and computer s
260 _aPrentice hall of india
_bNew Delhi
_c2000
300 _aXVII, 478p
_b150
650 _aMATHEMATICS
999 _c166511
_d166511